| 000 | 01112cam a22003135a 4500 | ||
|---|---|---|---|
| 001 | 10887649 | ||
| 005 | 20161024133221.0 | ||
| 008 | 140710t2015 moua frb 001 0 eng d | ||
| 020 | _a0323188249 | ||
| 020 | _a9780323188241 | ||
| 040 |
_aNLM _beng _cNLM _dEG-ScBUE _dEG-ScBUE |
||
| 082 | 0 | 4 |
_a617.632 _222 _bCAR |
| 245 | 0 | 0 |
_aCarranza's clinical periodontology / _c[edited by] Michael G. Newman ... [et al.] |
| 246 | 3 | 0 | _aClinical periodontology |
| 250 | _a12th ed. | ||
| 260 |
_aMissouri : _bElsevier Saunders, _cc.2015. |
||
| 300 |
_axxiii, 875 p. : _bill.(some col.) ; _c29 cm. |
||
| 500 | _aOnline access code is available to browse, search, and interact with this title on https://expertconsult.inkling.com/ | ||
| 500 | _aIndex : p. 819-875. | ||
| 504 | _aIncludes bibliographical references. | ||
| 650 | 7 |
_aPeriodontics. _2BUEsh _939502 |
|
| 650 | 7 |
_aDentistry. _2BUEsh _939515 |
|
| 651 | _2BUEsh | ||
| 653 |
_bDDent _cJune2015 _cOctober2015 |
||
| 653 |
_bPPhrm _cSeptember2016 _cOctober2016 |
||
| 655 |
_vText book _933728 |
||
| 700 | 1 |
_aNewman, Michael G., _eeditor. |
|
| 942 |
_2ddc _k617.632 CAR |
||
| 999 |
_c19927 _d19899 |
||